[Event "Oberliga Nord W 1213"]
[Site "Germany"]
[Date "2013.04.14"]
[Round "9.6"]
[White "Vogt, Marc Jonas"]
[Black "Warmelink, Evie"]
[Result "1-0"]
[WhiteElo "1836"]
[BlackElo "2075"]
[PlyCount "67"]
[EventDate "2012.10.14"]
[EventType "team-tourn"]
[EventRounds "9"]
[EventCountry "GER"]
[SourceTitle "EXT 2014"]
[Source "ChessBase"]
[SourceDate "2013.11.20"]
[SourceVersion "1"]
[SourceVersionDate "2013.11.20"]
[SourceQuality "1"]
[WhiteTeam "Stade"]
[BlackTeam "Esens"]
[WhiteTeamCountry "GER"]
[BlackTeamCountry "GER"]

1. e4 c5 2. Nf3 e6 3. d4 cxd4 4. Nxd4 Nf6 5. Nc3 d6 6. Bg5 Be7 7. f4 Nc6 8. Qd2 h6 9. Bxf6 Bxf6 10. Ndb5 0-0 11. 0-0-0 Qa5 12. Bc4 Rd8 13. Kb1 d5 14. exd5 a6 15. Na3 b5 16. Bb3 Be7 17. Qe2 exd5 18. Bxd5 Bxa3 19. Bxc6 Rxd1+ 20. Rxd1 Rb8 21. Qe8+ Kh7 22. Be4+ f5 23. Bd5 Be6 24. Qxe6 Qb4 25. Qxf5+ Kh8 26. Bb3 a5 27. Nd5 Qc5 28. c3 b4 29. Bc2 Kg8 30. Qh7+ Kf7 31. Qg6+ Kf8 32. Qf5+ Kg8 33. Nf6+ gxf6 34. Qxc5 1-0

[Event "Agneaux St Lo op-B 14th"]
[Site "Agneaux"]
[Date "2012.07.13"]
[Round "8.2"]
[White "Warmelink, Evie"]
[Black "Meurs, Tom WA"]
[Result "0-1"]
[WhiteElo "2075"]
[BlackElo "2235"]
[PlyCount "48"]
[EventDate "2012.07.08"]
[EventType "swiss"]
[EventRounds "8"]
[EventCountry "FRA"]
[SourceTitle "EXT 2014"]
[Source "ChessBase"]
[SourceDate "2013.11.20"]
[SourceVersion "1"]
[SourceVersionDate "2013.11.20"]
[SourceQuality "1"]

1. e4 e5 2. Nf3 Nc6 3. d4 exd4 4. Nxd4 Nf6 5. Nxc6 bxc6 6. e5 Qe7 7. Qe2 Nd5 8. c4 Ba6 9. b3 g6 10. f4 d6 11. Bb2 Bg7 12. Nd2 0-0 13. Qe4 f5 14. exf6 Qf7 15. 0-0-0 Rfe8 16. cxd5 Rxe4 17. Nxe4 Bxf1 18. Rhxf1 Bh6 19. Ng5 Qd7 20. Rde1 Qf5 21. h4 cxd5 22. Re7 c5 23. f7+ Kf8 24. Bf6 Qxf6 0-1

[Event "EU-ch U18 Girls"]
[Site "Albena"]
[Date "2011.09.19"]
[Round "8"]
[White "Foisor, Mihaela Veronica"]
[Black "Warmelink, Evie"]
[Result "1-0"]
[WhiteElo "2205"]
[BlackElo "2043"]
[PlyCount "67"]
[EventDate "2011.09.11"]
[EventType "swiss"]
[EventRounds "9"]
[EventCountry "BUL"]
[SourceTitle "CBM 144 Extra"]
[Source "ChessBase"]
[SourceDate "2011.10.28"]
[SourceVersion "1"]
[SourceVersionDate "2011.10.28"]
[SourceQuality "1"]

1. c4 c5 2. Nc3 Nc6 3. g3 g6 4. Bg2 Bg7 5. e4 e6 6. Nge2 d6 7. d3 Nge7 8. 0-0 0-0 9. Rb1 b6 10. Be3 Nd4 11. b4 Bb7 12. Qd2 Qd7 13. f4 Rac8 14. b5 Rfd8 15. g4 f5 16. gxf5 gxf5 17. Ng3 Ng6 18. exf5 exf5 19. Bxb7 Qxb7 20. Qg2 Qxg2+ 21. Kxg2 Ne7 22. Bxd4 cxd4 23. Nd5 Nxd5 24. cxd5 Rc2+ 25. Rf2 Rdc8 26. Nxf5 Rxf2+ 27. Kxf2 Rc2+ 28. Kf3 Bf6 29. Nxd6 Rxh2 30. Rc1 Rxa2 31. Rc8+ Kg7 32. Ne8+ Kf7 33. d6 Rd2 34. Nxf6 1-0

[Event "NED-ch U21 Girls"]
[Site "Haarlem"]
[Date "2011.05.02"]
[Round "3"]
[White "Blanter, Sofya"]
[Black "Warmelink, Evie"]
[Result "0-1"]
[WhiteElo "1535"]
[BlackElo "2051"]
[PlyCount "84"]
[EventDate "2011.04.30"]
[EventType "tourn"]
[EventRounds "9"]
[EventCountry "NED"]
[SourceTitle "EXT 2012"]
[Source "ChessBase"]
[SourceDate "2011.11.24"]
[SourceVersion "1"]
[SourceVersionDate "2011.11.24"]
[SourceQuality "1"]

1. d4 Nf6 2. c4 c5 3. e3 e6 4. Nc3 Be7 5. Nf3 d5 6. b3 0-0 7. dxc5 Bxc5 8. Bb2 b6 9. cxd5 exd5 10. g3 Qe7 11. Bg2 Ba6 12. Ne2 Ne4 13. 0-0 Nxf2 14. Rxf2 Bxe3 15. Bd4 Bxf2+ 16. Kxf2 Nc6 17. Rc1 Nxd4 18. Nfxd4 Rfe8 19. Bf3 Rad8 20. Rc3 Qf6 21. Qc2 h5 22. Qd2 g5 23. Ke1 g4 24. Bg2 Rd7 25. Rc2 Rde7 26. Qf4 Qg6 27. Bf1 Re4 28. Rc6 Qg7 29. Nf5 Qa1+ 30. Qc1 Qxc1+ 31. Rxc1 Bxe2 32. Bg2 Bf3+ 33. Kf1 Bxg2+ 34. Kxg2 Re2+ 35. Kg1 Re1+ 36. Rxe1 Rxe1+ 37. Kf2 Rh1 38. Ne7+ Kf8 39. Nxd5 Rxh2+ 40. Ke3 Rxa2 41. Nf6 Ra3 42. Nxh5 Rxb3+ 0-1

[Event "NED-ch U17 Girls"]
[Site "Haarlem"]
[Date "2010.05.06"]
[Round "7"]
[White "Thoma, Sophia"]
[Black "Warmelink, Evie"]
[Result "0-1"]
[WhiteElo "1894"]
[BlackElo "1971"]
[PlyCount "88"]
[EventDate "2010.04.29"]
[EventType "tourn"]
[EventRounds "9"]
[EventCountry "NED"]
[SourceTitle "EXT 2011"]
[Source "ChessBase"]
[SourceDate "2010.11.26"]
[SourceVersion "1"]
[SourceVersionDate "2010.11.26"]
[SourceQuality "1"]

1. e4 c5 2. Nf3 e6 3. d4 cxd4 4. Nxd4 Nf6 5. Nc3 d6 6. Be2 Be7 7. 0-0 0-0 8. f4 Nc6 9. Be3 a6 10. a4 Qc7 11. Kh1 Re8 12. Bf3 Bd7 13. Nb3 b6 14. g4 Bc8 15. g5 Nd7 16. Bg2 Bf8 17. Qh5 Na5 18. Qh4 g6 19. Nxa5 bxa5 20. Bd4 Rb8 21. Rac1 Qc4 22. Qf2 Bb7 23. b3 Qc7 24. Nd1 Re7 25. Ne3 e5 26. Bb2 exf4 27. Qxf4 Ne5 28. Nd5 Bxd5 29. exd5 Rb4 30. Qg3 Rg4 31. Qc3 Qb6 32. Qd2 Bg7 33. h3 Rh4 34. Qc3 h6 35. Qg3 Rh5 36. gxh6 Bxh6 37. Rcd1 Nd7 38. Bd4 Qb4 39. Bc3 Qc5 40. Qd3 Re3 41. Qxa6 Rxc3 42. Qa8+ Qc8 43. Qxa5 Ne5 44. Kh2 Rcxh3+ 0-1

[Event "NED-ch U17 Girls"]
[Site "Haarlem"]
[Date "2010.05.03"]
[Round "5"]
[White "Dalemans, Diana"]
[Black "Warmelink, Evie"]
[Result "1/2-1/2"]
[WhiteElo "1898"]
[BlackElo "1971"]
[PlyCount "77"]
[EventDate "2010.04.29"]
[EventType "tourn"]
[EventRounds "9"]
[EventCountry "NED"]
[SourceTitle "EXT 2011"]
[Source "ChessBase"]
[SourceDate "2010.11.26"]
[SourceVersion "1"]
[SourceVersionDate "2010.11.26"]
[SourceQuality "1"]

1. e4 c5 2. Nf3 d6 3. d4 cxd4 4. Nxd4 Nf6 5. Nc3 e6 6. Be2 Be7 7. 0-0 0-0 8. f4 Nc6 9. Be3 a6 10. a4 Qc7 11. Nb3 b6 12. Bf3 Bb7 13. g4 Nd7 14. g5 Rfe8 15. Bg2 Bf8 16. Qg4 Nb4 17. Rf2 g6 18. Raf1 Nc5 19. Nd4 Rad8 20. Qh3 Bg7 21. Nb3 Nxb3 22. cxb3 d5 23. exd5 exd5 24. f5 Rxe3 25. Qxe3 d4 26. Qh3 Bxg2 27. Rxg2 dxc3 28. bxc3 Nd5 29. Rgf2 Bxc3 30. fxg6 Bd4 31. Qxh7+ Kf8 32. g7+ Bxg7 33. Rxf7+ Qxf7 34. Qf5 Kg8 35. Qe6 Kh8 36. Qh3+ Kg8 37. Qe6 Kh8 38. Qh3+ Kg8 39. Qd3 1/2-1/2

[Event "Hoogeveen Unive op"]
[Site "Hoogeveen"]
[Date "2009.10.23"]
[Round "8"]
[White "Warmelink, Evie"]
[Black "Kasparova, Tatiana"]
[Result "1/2-1/2"]
[WhiteElo "1941"]
[BlackElo "2175"]
[PlyCount "72"]
[EventDate "2009.10.16"]
[EventType "swiss"]
[EventRounds "9"]
[EventCountry "NED"]
[SourceTitle "CBM 132 Extra"]
[Source "ChessBase"]
[SourceDate "2009.11.03"]
[SourceVersion "1"]
[SourceVersionDate "2009.11.03"]
[SourceQuality "1"]

1. e4 c6 2. d4 d5 3. Bd3 dxe4 4. Bxe4 Nf6 5. Bf3 Bf5 6. Ne2 e6 7. c4 Bd6 8. Nbc3 Nbd7 9. Ng3 Bg6 10. Nge4 Nxe4 11. Nxe4 Be7 12. 0-0 0-0 13. Bf4 Bxe4 14. Bxe4 Nf6 15. Bf3 Qa5 16. Qe2 Rad8 17. Rfd1 Rd7 18. a3 Qf5 19. Be5 Rfd8 20. b4 h6 21. h3 Qg5 22. Qe3 Bd6 23. Qxg5 hxg5 24. Bxf6 gxf6 25. d5 cxd5 26. cxd5 exd5 27. Rxd5 Bh2+ 28. Kxh2 Rxd5 29. Bxd5 Rxd5 30. Rc1 b6 31. Rc7 a5 32. Rc6 axb4 33. axb4 Rb5 34. Rc4 Kg7 35. Kg3 Kg6 36. h4 gxh4+ 1/2-1/2

[Event "EU-ch U16 Girls 19th"]
[Site "Fermo"]
[Date "2009.09.04"]
[Round "5"]
[White "Suarez Calvo, Alesandra"]
[Black "Warmelink, Evie"]
[Result "0-1"]
[WhiteElo "2023"]
[BlackElo "1921"]
[PlyCount "136"]
[EventDate "2009.08.31"]
[EventType "swiss"]
[EventRounds "9"]
[EventCountry "ITA"]
[SourceTitle "CBM 132 Extra"]
[Source "ChessBase"]
[SourceDate "2009.11.03"]
[SourceVersion "1"]
[SourceVersionDate "2009.11.03"]
[SourceQuality "1"]

1. e4 c5 2. Nf3 d6 3. d4 cxd4 4. Nxd4 Nf6 5. Nc3 e6 6. Be2 Be7 7. 0-0 0-0 8. Be3 Nc6 9. f4 Bd7 10. Qe1 Nxd4 11. Bxd4 Bc6 12. Bf3 b5 13. a3 a5 14. e5 dxe5 15. Bxc6 Qxd4+ 16. Kh1 Rac8 17. Bxb5 exf4 18. Rd1 Qe3 19. Qxe3 fxe3 20. Rde1 Bxa3 21. Ba6 Rc6 22. Bb5 Rc7 23. Nd1 Bc5 24. Nxe3 Bxe3 25. Rxe3 Rxc2 26. b3 Nd5 27. Ref3 Rc3 28. Ra1 Ra8 29. Rxc3 Nxc3 30. Bc6 Ra6 31. Bb7 Ra7 32. Bc6 Ra6 33. Bb7 Rb6 34. Rxa5 Kf8 35. Ra8+ Ke7 36. Ra7 Kf6 37. Bf3 Rxb3 38. Kg1 g6 39. Bc6 Rb8 40. Kf2 Rd8 41. Kf3 h5 42. h3 Nd5 43. Ke4 Ne7 44. Bd7 Nf5 45. Kf3 Rb8 46. Ba4 Rc8 47. Rd7 Rc3+ 48. Kf2 Ra3 49. Bd1 Ra2+ 50. Kg1 h4 51. Bb3 Rb2 52. Bd1 e5 53. Bf3 Ke6 54. Ra7 Nd6 55. Ra4 g5 56. Rg4 f6 57. Bc6 Rc2 58. Ba4 Rb2 59. Bc6 Nf7 60. Ra4 f5 61. Ra6 Nd6 62. Be8 e4 63. Bg6 Ke5 64. Ra5+ Rb5 65. Ra2 e3 66. Bh5 Rb1+ 67. Kh2 Ne4 68. Bf3 Ng3 0-1

[Event "NED-ch U17 Girls"]
[Site "Venlo"]
[Date "2009.04.28"]
[Round "5"]
[White "Warmelink, Evie"]
[Black "Kirana, Nancy"]
[Result "1-0"]
[WhiteElo "2031"]
[BlackElo "1733"]
[PlyCount "49"]
[EventDate "2009.04.24"]
[EventType "tourn"]
[EventRounds "9"]
[EventCountry "NED"]
[SourceTitle "EXT 2013"]
[Source "ChessBase"]
[SourceDate "2012.11.22"]
[SourceVersion "1"]
[SourceVersionDate "2012.11.22"]
[SourceQuality "1"]

1. e4 e5 2. Nf3 Nc6 3. d4 exd4 4. Nxd4 Bc5 5. Be3 Qf6 6. c3 Nge7 7. g3 d6 8. Bg2 Ne5 9. h3 Nc4 10. Qa4+ Bd7 11. Qxc4 0-0 12. 0-0 Qg6 13. Nd2 Kh8 14. Kh2 Rac8 15. f4 f5 16. Rae1 a6 17. Qd3 Rce8 18. N2b3 Bb6 19. exf5 Nxf5 20. Nxf5 Bxf5 21. Qd2 Bxe3 22. Rxe3 Rxe3 23. Qxe3 Re8 24. Qd2 Qh5 25. Re1 1-0